000 01066caa a22002651ib4500
003 SA-RiAUC
005 20250509124313.0
008 250509s2007 le g 000 0 ara c
040 _aIQ-KaIHL
_bara
_cSA-RiAUC.
_erda
050 4 _bH5 2007
082 0 4 _a258.6
_qSA-RiAUC
090 _a258.6
_b ح م ا
100 1 _aالحمامي، علي الموسوي
_eمؤلف.
245 1 0 _aهداية العقول في شر كفاية الأصول/
_cتأليف علي الموسوي الحمامي
250 _aالطبعة الاولى
264 _aايران:
_bمطبغة النجف؛
_c1973
300 _aمجلدات ؛
_c24 سم
336 _aنص
_btxt
_2rdacontent
_3كتاب
337 _aبدون وسيط
_bn
_2rdamedia
338 _aمجلد
_bnc
_2rdacarrier
580 _aفي : هداية العقول في فقه آل الرسول. -ط. 1. -بيروت : دار المصطفى لإحياء التراث، [2007]. -مج. 1.
650 7 _aفقه الشيعة
_2aucsh
942 _2ddc
_cBOOK
_n0
949 _aSA-JeALM
_d250509
_ueid123
_n1
999 _c7704
_d7704